| 000 | 01430nam0a22003251 4500 | ||
|---|---|---|---|
| 001 | rc\3385298 | ||
| 005 | 20260405053849.0 | ||
| 021 |
_aRU _b[73-77059] |
||
| 035 | _a(NLR Aleph) 007536301 | ||
| 090 |
_a7770528 _c7770528 |
||
| 100 | _a20130115d1973 |||y0rusy50 ca | ||
| 101 | 0 | _arus | |
| 102 | _aRU | ||
| 105 | _aa z ||||| | ||
| 200 | 1 | _aИспользование ядерных методов в нефтегазовой геологии | |
| 210 |
_aМосква _cНедра _d1973 |
||
| 215 |
_a383 с. _cил. _d22 |
||
| 300 | _aПеред загл. авт.: Ф.А. Алексеев, Р.П. Готтих, В.С. Лебедев | ||
| 320 | _aСписок лит.: с. 369-381 (268 назв.) | ||
| 606 |
_aГазовые месторождения _xГеология _xИзотопный метод исследования _2psbo |
||
| 606 |
_aНефтяные месторождения _xГеология _xИзотопный метод исследования _2psbo |
||
| 700 | 1 |
_4070 _7ca _8rus _aАлексеев _bФ.А. _cд-р геол.-минерал. наук _f1912-1978 _gФедор Алексеевич _3RU\NLR\AUTH\7717673 _9759 |
|
| 701 | 1 |
_aГоттих _bР.П. _gРимма Павловна |
|
| 701 | 1 |
_aЛебедев _bВ.С. _gВладимир Сергеевич |
|
| 801 | 0 |
_aRU _bNLR _gpsbo |
|
| 801 | 1 |
_aRU _bELAR _2rusmarc |
|
| 852 |
_aNLR _j73-5/4398 |
||
| 942 | _cBOOK | ||
| 980 | _aNB | ||